000 00327nam a2200121Ia 4500
008 220214s9999 xx 000 0 und d
245 0 _aMarga
260 _bMarga Institute
_aSri Lanka
500 _aEnding Volume & Year: 10, 1989
500 _aMissing Volume: 5;7-8(..)
500 _aStarting Volume & Year: 3, 1976
942 _cBJ
999 _c5784
_d5784